00981nam a22002537a 45000010005000000030006000050050017000110080041000280200018000690400029000870500014001160820010001301000022001402450039001622600050002013000048002514900032002995050008003315200294003395210020006335210020006536500022006737000032006954791FISKH20241016110856.0241014b cb ||||| |||| 00| 0 eng d a9780194234344 aFISKHbengcFISKHdFISKH aPE1126.A4 a428.6 aLindop, Christine aRed Roses / cby Christine Lindop  aNew York : bOxford University Press ;c2008. a40 pages : bcolor illustrations ;c20 cm . aOxford Bookworms vStarted  aF  a'Who is the man with the roses in his hand?' thinks Anna. 'I want to meet him.''Who is the girl with the guitar?' thinks Will. 'I like her. I want to meet her.'But they do not meet.'There are lots of men!' says Anna's friend Vicki, but Anna cannot forget Will. And then one rainy day . . .8 a360 bLexile 8 aF bRaz-Plus  aromancevfiction  aReece, Gavin eillustrator